[Event "Moscow_Open_19_TurnirA"]
[Site "?"]
[Date "2019.01.26"]
[Round "1.15"]
[White "Iljiushenok, Ilia"]
[Black "Nuristani, Iman"]
[Result "*"]
[BlackElo "2242"]
[WhiteElo "2533"]
[LiveChessVersion "1.4.8"]

1. e4 {[%clk 1:30:53]} e6 {[%clk 1:30:56]} 2. d4 {[%clk 1:31:18]} d5
{[%clk 1:31:20]} 3. Nc3 {[%clk 1:31:45]} dxe4 {[%clk 1:31:44]} 4. Nxe4
{[%clk 1:32:09]} Bd7 {[%clk 1:32:12]} 5. Nf3 {[%clk 1:31:39]} Bc6
{[%clk 1:32:38]} 6. Bd3 {[%clk 1:31:54]} Nd7 {[%clk 1:33:03]} 7. O-O
{[%clk 1:28:46]} Ngf6 {[%clk 1:33:28]} 8. Ned2 {[%clk 1:27:41]} Be7
{[%clk 1:31:49]} 9. Re1 {[%clk 1:25:54]} Bxf3 {[%clk 1:26:03]} 10. Qxf3
{[%clk 1:23:46]} c6 {[%clk 1:26:30]} 11. Nc4 {[%clk 1:23:12]} O-O
{[%clk 1:26:14]} 12. c3 {[%clk 1:23:10]} Re8 {[%clk 1:15:50]} 13. Bf4
{[%clk 1:18:37]} Nf8 {[%clk 1:14:23]} 14. h3 {[%clk 1:11:15]} Qd5
{[%clk 1:12:04]} 15. Qe2 {[%clk 1:06:04]} Ng6 {[%clk 1:11:55]} 16. Bh2
{[%clk 1:06:19]} Nh4 {[%clk 1:05:51]} 17. Ne3 {[%clk 1:05:18]} Qg5
{[%clk 1:04:32]} 18. f4 {[%clk 1:04:21]} Qh6 {[%clk 1:03:46]} 19. Qf2
{[%clk 0:52:35]} Nd5 {[%clk 0:47:42]} 20. Ng4 {[%clk 0:48:40]} Qh5
{[%clk 0:48:05]} 21. Ne5 {[%clk 0:48:50]} Ng6 {[%clk 0:39:24]} 22. Be2
{[%clk 0:35:56]} Qh4 {[%clk 0:37:57]} 23. Bg3 {[%clk 0:30:22]} Qf6
{[%clk 0:37:45]} 24. Nd7 {[%clk 0:29:47]} Qf5 {[%clk 0:38:09]} 25. Bg4
{[%clk 0:29:49]} Qd3 {[%clk 0:38:25]} 26. f5 {[%clk 0:29:05]} exf5
{[%clk 0:37:18]} 27. Bxf5 {[%clk 0:29:26]} Qa6 28. h4 {[%clk 0:20:54]} Nf6
{[%clk 0:28:19]} 29. Ne5 {[%clk 0:18:00]} Qa5 {[%clk 0:18:27]} 30. Bc2
{[%clk 0:15:49]} Nxe5 {[%clk 0:16:42]} 31. Rxe5 {[%clk 0:16:15]} Qd8
{[%clk 0:13:06]} 32. Rae1 {[%clk 0:14:45]} Bf8 {[%clk 0:06:20]} 33. Qf5
{[%clk 0:09:38]} g6 {[%clk 0:04:41]} 34. Qf3 {[%clk 0:10:03]} Rxe5 35. Bxe5
{[%clk 0:04:39]} Nd5 {[%clk 0:03:40]} 36. Rf1 {[%clk 0:04:49]} f6
{[%clk 0:01:42]} 37. Bg3 {[%clk 0:01:34]} Bd6 {[%clk 0:01:15]} 38. Be1
{[%clk 0:00:47]} Kg7 {[%clk 0:01:35]} 39. c4 {[%clk 0:01:01]} Nf4
{[%clk 0:01:33]} 40. g3 {[%clk 0:30:50]} Nh5 {[%clk 0:31:09]} 41. g4
{[%clk 0:26:46]} Nf4 {[%clk 0:30:03]} 42. Bd2 {[%clk 0:26:32]} Ne6
{[%clk 0:26:56]} 43. Bc3 {[%clk 0:24:44]} Nf4 {[%clk 0:26:29]} 44. Bd2
{[%clk 0:22:06]} Ne6 {[%clk 0:26:41]} 45. Be3 {[%clk 0:20:16]} Qe7 46. h5
{[%clk 0:17:46]} Ng5 {[%clk 0:24:18]} 47. Bxg5 {[%clk 0:13:11]} fxg5
{[%clk 0:24:28]} 48. hxg6 {[%clk 0:13:35]} hxg6 {[%clk 0:24:48]} 49. Qe4
{[%clk 0:13:57]} Qxe4 {[%clk 0:23:49]} 50. Bxe4 {[%clk 0:14:25]} Re8
{[%clk 0:15:00]} 51. Bf3 {[%clk 0:14:33]} Re7 {[%clk 0:07:16]} 52. Rd1
{[%clk 0:14:20]} Kf6 {[%clk 0:06:57]} 53. Kf2 {[%clk 0:13:42]} Bf4
{[%clk 0:06:43]} 54. Rd3 {[%clk 0:14:05]} Rh7 {[%clk 0:05:36]} 55. c5
{[%clk 0:13:36]} Rd7 {[%clk 0:05:41]} 56. b4 {[%clk 0:13:46]} Bc1
{[%clk 0:04:08]} 57. a4 {[%clk 0:09:05]} Bb2 {[%clk 0:04:15]} 58. Ke3
{[%clk 0:09:31]} Bc1+ {[%clk 0:04:37]} 59. Ke2 {[%clk 0:09:49]} Bb2
{[%clk 0:05:00]} 60. d5 {[%clk 0:06:47]} cxd5 {[%clk 0:05:26]} 61. Bxd5
{[%clk 0:07:11]} Ke5 {[%clk 0:04:29]} 62. Bf3 {[%clk 0:07:40]} Bd4
{[%clk 0:04:32]} 63. b5 {[%clk 0:07:03]} Rc7 {[%clk 0:03:07]} 64. c6
{[%clk 0:07:16]} bxc6 {[%clk 0:03:28]} 65. bxc6 {[%clk 0:07:44]} Re7
{[%clk 0:01:30]} 66. a5 {[%clk 0:07:33]} Kd6+ {[%clk 0:01:01]} 67. Kd2
{[%clk 0:05:40]} Kc5 {[%clk 0:01:26]} 68. Kc2 {[%clk 0:06:07]} Rh7
{[%clk 0:00:45]} 69. Kb3 {[%clk 0:06:35]} Re7 {[%clk 0:00:41]} 70. Bg2
{[%clk 0:04:52]} Re2 {[%clk 0:00:45]} 71. c7 {[%clk 0:04:55]} Rb2+
{[%clk 0:00:00]} *

[Event "Moscow_Open_19_TurnirA"]
[Site "?"]
[Date "2019.01.26"]
[Round "1.16"]
[White "Makoveev, Ilya"]
[Black "Potapov, Pavel"]
[Result "*"]
[BlackElo "2516"]
[WhiteElo "2240"]
[LiveChessVersion "1.4.8"]

1. e4 {[%clk 1:30:57]} c5 {[%clk 1:30:44]} 2. Nf3 {[%clk 1:31:20]} Nc6
{[%clk 1:31:10]} 3. Bb5 {[%clk 1:31:31]} g6 {[%clk 1:31:12]} 4. Bxc6
{[%clk 1:31:54]} bxc6 {[%clk 1:31:35]} 5. O-O {[%clk 1:32:11]} Bg7
{[%clk 1:31:55]} 6. Re1 {[%clk 1:32:10]} Rb8 {[%clk 1:28:11]} 7. e5
{[%clk 1:30:50]} Nh6 {[%clk 1:20:46]} 8. d4 {[%clk 1:24:58]} cxd4
{[%clk 1:17:40]} 9. Qxd4 {[%clk 1:24:40]} Qb6 {[%clk 1:15:58]} 10. Qxb6
{[%clk 1:17:42]} axb6 {[%clk 1:15:20]} 11. Bg5 {[%clk 1:17:27]} c5
{[%clk 1:10:44]} 12. Nc3 {[%clk 1:08:13]} Bb7 {[%clk 1:10:53]} 13. Ne4
{[%clk 0:59:43]} Bc6 {[%clk 1:07:44]} 14. Rad1 {[%clk 0:58:03]} Kf8
{[%clk 0:58:56]} 15. Nf6 {[%clk 0:48:51]} Rb7 {[%clk 0:56:05]} 16. Nd5
{[%clk 0:45:50]} Ng8 {[%clk 0:46:49]} 17. c4 {[%clk 0:29:35]} e6 {[%clk 0:43:14]}
18. a4 h6 {[%clk 0:32:14]} 19. Bd8 {[%clk 0:13:10]} exd5 {[%clk 0:24:27]} 20.
cxd5 {[%clk 0:13:17]} Bxa4 {[%clk 0:23:41]} 21. Ra1 {[%clk 0:13:46]} Ke8
{[%clk 0:21:19]} 22. Bh4 {[%clk 0:10:10]} b5 {[%clk 0:18:07]} 23. b3
{[%clk 0:10:28]} g5 {[%clk 0:17:19]} 24. bxa4 {[%clk 0:10:50]} gxh4
{[%clk 0:04:32]} 25. axb5 {[%clk 0:11:19]} d6 {[%clk 0:04:08]} 26. Ra8+
{[%clk 0:05:52]} Kd7 {[%clk 0:04:32]} 27. e6+ {[%clk 0:03:47]} fxe6
{[%clk 0:04:50]} 28. dxe6+ {[%clk 0:04:14]} Kc7 {[%clk 0:02:51]} 29. e7
{[%clk 0:03:58]} Nf6 {[%clk 0:02:26]} 30. Rxh8 {[%clk 0:04:12]} Bxh8
{[%clk 0:02:54]} 31. e8=Q Nxe8 {[%clk 0:03:19]} 32. Re7+ {[%clk 0:04:49]} Kb6
{[%clk 0:03:31]} 33. Rxe8 {[%clk 0:05:13]} Bb2 {[%clk 0:01:12]} 34. Re2
{[%clk 0:01:41]} Ra7 {[%clk 0:01:19]} 35. h3 {[%clk 0:01:58]} Bg7
{[%clk 0:01:02]} 36. Nxh4 {[%clk 0:01:26]} Ra1+ {[%clk 0:01:15]} 37. Kh2
{[%clk 0:01:56]} d5 {[%clk 0:00:39]} 38. Nf5 {[%clk 0:02:11]} Bc3
{[%clk 0:00:50]} 39. Nd6 {[%clk 0:00:41]} c4 {[%clk 0:01:02]} 40. Re6
{[%clk 0:30:52]} Kc5 {[%clk 0:31:09]} 41. b6 {[%clk 0:25:06]} Be5+
{[%clk 0:29:29]} 42. Rxe5 {[%clk 0:25:35]} Kxd6 {[%clk 0:29:55]} 43. Re8
{[%clk 0:23:17]} Rb1 {[%clk 0:27:23]} 44. Rb8 {[%clk 0:23:35]} Kc5
{[%clk 0:25:58]} 45. b7 {[%clk 0:22:59]} Kd4 {[%clk 0:26:12]} 46. f4
{[%clk 0:21:43]} c3 {[%clk 0:26:34]} 47. f5 {[%clk 0:21:31]} c2 {[%clk 0:26:27]}
48. Rc8 {[%clk 0:21:53]} Kd3 {[%clk 0:26:52]} 49. b8=Q {[%clk 0:21:59]} Rxb8
{[%clk 0:27:16]} 50. Rxb8 {[%clk 0:22:21]} c1=Q {[%clk 0:27:38]} 51. Rb3+
{[%clk 0:22:40]} Ke4 {[%clk 0:26:31]} 52. Rf3 {[%clk 0:23:07]} Qc7+
{[%clk 0:26:12]} 53. Kg1 {[%clk 0:23:33]} Qb6+ {[%clk 0:26:20]} 54. Kf1
{[%clk 0:23:55]} Qf6 {[%clk 0:26:27]} 55. Kf2 {[%clk 0:23:21]} d4
{[%clk 0:26:27]} 56. g3 {[%clk 0:23:30]} d3 {[%clk 0:25:00]} 57. Rf4+
{[%clk 0:23:52]} Kd5 {[%clk 0:25:23]} 58. Ke3 {[%clk 0:24:12]} Qc3
{[%clk 0:25:42]} 59. Kd4+ Ke5+ *

[Event "Moscow_Open_19_TurnirA"]
[Site "?"]
[Date "2019.01.27"]
[Round "2.1"]
[White "Pogosian, Manvel"]
[Black "Sjugirov, Sanan"]
[Result "0-1"]
[BlackElo "2663"]
[WhiteElo "2394"]
[LiveChessVersion "1.4.8"]

1. d4 {[%clk 1:30:57]} Nf6 {[%clk 1:30:46]} 2. Nf3 {[%clk 1:30:44]} g6
{[%clk 1:30:59]} 3. c4 {[%clk 1:29:52]} Bg7 {[%clk 1:31:18]} 4. g3
{[%clk 1:29:47]} O-O {[%clk 1:31:25]} 5. Bg2 {[%clk 1:30:10]} d5 {[%clk 1:31:46]}
6. cxd5 {[%clk 1:29:30]} Nxd5 {[%clk 1:32:09]} 7. O-O {[%clk 1:28:35]} Nb6
{[%clk 1:32:24]} 8. Nc3 {[%clk 1:19:46]} Nc6 {[%clk 1:32:11]} 9. e3
{[%clk 1:12:33]} Re8 {[%clk 1:32:20]} 10. Ne1 {[%clk 0:57:56]} e5
{[%clk 1:24:08]} 11. d5 {[%clk 0:56:41]} Na5 {[%clk 1:23:09]} 12. e4
{[%clk 0:47:47]} c6 {[%clk 1:19:40]} 13. Nd3 {[%clk 0:37:20]} cxd5
{[%clk 1:16:05]} 14. Nxd5 {[%clk 0:36:25]} Nxd5 {[%clk 1:08:25]} 15. exd5
{[%clk 0:36:46]} Nc4 {[%clk 1:08:04]} 16. Qb3 {[%clk 0:29:44]} Nd6
{[%clk 1:07:28]} 17. Bd2 {[%clk 0:24:36]} e4 {[%clk 0:59:13]} 18. Nf4
{[%clk 0:23:48]} Bd7 {[%clk 0:54:37]} 19. Rfe1 {[%clk 0:18:45]} a5
{[%clk 0:51:43]} 20. Bc3 {[%clk 0:11:57]} Bxc3 {[%clk 0:49:17]} 21. Qxc3
{[%clk 0:11:59]} Rc8 {[%clk 0:49:26]} 22. Qb3 {[%clk 0:10:02]} b5
{[%clk 0:40:19]} 23. Rad1 {[%clk 0:06:18]} a4 {[%clk 0:34:04]} 24. Qb4
{[%clk 0:06:22]} Qb6 {[%clk 0:34:27]} 25. Re3 {[%clk 0:01:54]} Rc2
{[%clk 0:33:30]} 26. Re2 {[%clk 0:00:50]} Rc4 {[%clk 0:33:20]} 27. Qe1
{[%clk 0:00:48]} Bg4 {[%clk 0:33:38]} 28. Bf1 {[%clk 0:00:55]} Bxe2
{[%clk 0:33:43]} 29. Bxe2 {[%clk 0:01:11]} Rc2 {[%clk 0:33:53]} 30. Qb4
{[%clk 0:01:03]} g5 {[%clk 0:31:30]} 31. Nh5 {[%clk 0:00:46]} Rxe2
{[%clk 0:31:46]} 32. Nf6+ {[%clk 0:01:07]} Kh8 {[%clk 0:32:02]} 33. Rf1
{[%clk 0:00:53]} Rc8 {[%clk 0:30:03]} 34. Nd7 {[%clk 0:01:01]} Rc4
{[%clk 0:30:08]} 35. Qxc4 {[%clk 0:00:40]} Nxc4 {[%clk 0:30:31]} 0-1

[Event "Moscow_Open_19_TurnirA"]
[Site "?"]
[Date "2019.01.27"]
[Round "2.2"]
[White "Tsoi, Dmitry"]
[Black "Ponkratov, Pavel"]
[Result "0-1"]
[BlackElo "2630"]
[WhiteElo "2392"]
[LiveChessVersion "1.4.8"]

1. c4 {[%clk 1:30:53]} Nf6 {[%clk 1:26:21]} 2. g3 {[%clk 1:30:40]} g6
{[%clk 1:26:47]} 3. Bg2 {[%clk 1:31:03]} Bg7 {[%clk 1:27:13]} 4. Nc3
{[%clk 1:31:24]} O-O {[%clk 1:27:38]} 5. Nf3 {[%clk 1:31:25]} Nc6
{[%clk 1:28:04]} 6. O-O {[%clk 1:31:45]} Rb8 {[%clk 1:28:32]} 7. d3
{[%clk 1:24:33]} a6 {[%clk 1:28:49]} 8. Bg5 {[%clk 1:24:45]} b5 {[%clk 1:29:10]}
9. Qd2 {[%clk 1:24:45]} d6 {[%clk 1:24:32]} 10. Nd5 Bb7 {[%clk 0:58:17]} 11. Rac1
{[%clk 1:08:45]} Qd7 {[%clk 0:50:30]} 12. Bxf6 {[%clk 1:04:00]} exf6
{[%clk 0:49:48]} 13. cxb5 {[%clk 1:04:22]} axb5 {[%clk 0:50:08]} 14. e3
{[%clk 1:04:31]} Rfc8 {[%clk 0:48:14]} 15. d4 {[%clk 1:01:39]} Ra8 16. b3
{[%clk 1:00:00]} Nd8 {[%clk 0:31:31]} 17. Ne1 {[%clk 0:59:59]} Ra7
{[%clk 0:27:21]} 18. Nd3 {[%clk 0:59:55]} Bxd5 {[%clk 0:20:46]} 19. Bxd5
{[%clk 1:00:18]} c6 {[%clk 0:21:13]} 20. Bg2 {[%clk 0:59:43]} f5 {[%clk 0:21:22]}
21. Rc2 {[%clk 0:56:09]} Bf8 {[%clk 0:16:02]} 22. Rfc1 {[%clk 0:53:47]} d5
{[%clk 0:16:21]} 23. Ne5 {[%clk 0:53:05]} Qe6 {[%clk 0:16:33]} 24. h4
{[%clk 0:52:15]} Ba3 {[%clk 0:16:36]} 25. Rd1 {[%clk 0:51:54]} Bd6
{[%clk 0:16:48]} 26. Nd3 {[%clk 0:52:09]} Rca8 {[%clk 0:16:32]} 27. h5
{[%clk 0:51:49]} Ra6 {[%clk 0:14:54]} 28. Qe2 {[%clk 0:50:33]} Qe7
{[%clk 0:15:06]} 29. Rdd2 {[%clk 0:47:18]} Kg7 {[%clk 0:15:26]} 30. Qd1
{[%clk 0:46:23]} R8a7 {[%clk 0:15:02]} 31. Bf3 {[%clk 0:45:40]} Ne6
{[%clk 0:15:02]} 32. Re2 {[%clk 0:41:49]} Qg5 {[%clk 0:13:36]} 33. Kh2
{[%clk 0:39:15]} gxh5 {[%clk 0:10:12]} 34. Nf4 {[%clk 0:28:42]} h4
{[%clk 0:10:22]} 35. Qf1 {[%clk 0:25:26]} Bxf4 {[%clk 0:06:35]} 36. gxf4
{[%clk 0:24:26]} Nxf4 {[%clk 0:07:00]} 37. exf4 {[%clk 0:24:20]} Qxf4+
{[%clk 0:07:25]} 38. Kh1 {[%clk 0:24:24]} Qxf3+ {[%clk 0:07:49]} 39. Qg2+
{[%clk 0:24:49]} Qxg2+ {[%clk 0:07:01]} 40. Kxg2 {[%clk 0:55:17]} Kf6
{[%clk 0:36:05]} 41. f4 {[%clk 0:55:04]} Ra8 {[%clk 0:34:23]} 42. Kf3
{[%clk 0:48:42]} Rg8 {[%clk 0:33:43]} 43. Rg2 {[%clk 0:49:04]} Rg6
{[%clk 0:33:52]} 44. Rcd2 {[%clk 0:47:59]} b4 {[%clk 0:33:45]} 45. Rc2
{[%clk 0:48:01]} Ke7 {[%clk 0:33:18]} 46. Rg5 {[%clk 0:40:45]} Kf6 47. Rgg2
{[%clk 0:35:03]} h6 {[%clk 0:31:39]} 48. Rce2 {[%clk 0:25:12]} Ra8
{[%clk 0:31:49]} 49. Rc2 {[%clk 0:25:37]} Ke7 {[%clk 0:31:46]} 50. Rh2
{[%clk 0:24:15]} Rg3+ {[%clk 0:32:07]} 51. Kf2 {[%clk 0:24:29]} Rg4
{[%clk 0:32:32]} 52. Kf3 {[%clk 0:24:27]} Kd7 {[%clk 0:32:54]} 53. Rce2
{[%clk 0:24:25]} f6 {[%clk 0:32:57]} 54. Rh1 {[%clk 0:24:16]} Rag8
{[%clk 0:32:40]} 55. Reh2 {[%clk 0:24:23]} Rg3+ {[%clk 0:33:00]} 56. Kf2
{[%clk 0:24:49]} R8g4 {[%clk 0:33:19]} 57. Rxh4 {[%clk 0:24:48]} Rg2+
{[%clk 0:33:44]} 58. Ke1 {[%clk 0:24:42]} Rxa2 {[%clk 0:34:05]} 59. Rxh6
{[%clk 0:25:01]} Rgg2 {[%clk 0:34:30]} 0-1

[Event "Moscow_Open_19_TurnirA"]
[Site "?"]
[Date "2019.01.27"]
[Round "2.3"]
[White "Grachev, Boris"]
[Black "Fayzullaev, Akmal"]
[Result "1-0"]
[BlackElo "2391"]
[WhiteElo "2626"]
[LiveChessVersion "1.4.8"]

1. Nf3 {[%clk 1:30:43]} Nf6 {[%clk 1:30:25]} 2. c4 {[%clk 1:31:07]} g6
{[%clk 1:26:49]} 3. Nc3 {[%clk 1:31:10]} Bg7 {[%clk 1:27:01]} 4. g3
{[%clk 1:31:35]} O-O {[%clk 1:27:24]} 5. Bg2 {[%clk 1:31:56]} c5 {[%clk 1:18:30]}
6. d4 {[%clk 1:31:02]} cxd4 {[%clk 1:18:55]} 7. Nxd4 {[%clk 1:31:28]} Nc6
{[%clk 1:19:20]} 8. O-O {[%clk 1:31:01]} d6 {[%clk 1:19:46]} 9. Nc2
{[%clk 1:20:15]} Qa5 {[%clk 1:11:37]} 10. Nb5 {[%clk 1:18:51]} Be6
{[%clk 1:10:03]} 11. Bd2 {[%clk 1:13:10]} Qd8 {[%clk 1:08:27]} 12. Ne3
{[%clk 1:11:14]} a6 {[%clk 1:04:58]} 13. Nc3 {[%clk 1:11:04]} Rc8
{[%clk 1:03:34]} 14. Rc1 {[%clk 1:06:08]} Re8 {[%clk 0:42:15]} 15. b3
{[%clk 1:02:17]} Rb8 {[%clk 0:35:35]} 16. Ned5 {[%clk 0:56:10]} Bxd5
{[%clk 0:29:08]} 17. Nxd5 {[%clk 0:51:11]} Ne5 {[%clk 0:28:44]} 18. Be3
{[%clk 0:45:26]} Nxd5 {[%clk 0:24:53]} 19. Qxd5 {[%clk 0:44:27]} b6
{[%clk 0:25:04]} 20. Rfd1 {[%clk 0:40:39]} Qc7 {[%clk 0:25:22]} 21. h3
{[%clk 0:36:42]} Red8 {[%clk 0:25:02]} 22. Qd2 {[%clk 0:35:12]} a5
{[%clk 0:24:10]} 23. Bg5 {[%clk 0:32:35]} Re8 {[%clk 0:23:07]} 24. Qd5
{[%clk 0:28:39]} Nd7 {[%clk 0:22:51]} 25. Qb5 {[%clk 0:25:34]} Nc5
{[%clk 0:23:10]} 26. Rc2 {[%clk 0:25:15]} Rec8 {[%clk 0:20:27]} 27. Be3
{[%clk 0:21:36]} Qa7 {[%clk 0:19:45]} 28. a3 {[%clk 0:20:54]} Ne6
{[%clk 0:18:03]} 29. h4 {[%clk 0:17:29]} Bd4 {[%clk 0:16:54]} 30. Rxd4
{[%clk 0:13:48]} Rc5 {[%clk 0:17:03]} 31. Qa4 {[%clk 0:13:23]} b5
{[%clk 0:17:27]} 32. cxb5 {[%clk 0:12:41]} Rxc2 {[%clk 0:17:52]} 33. Rxd6
{[%clk 0:09:38]} Qc7 {[%clk 0:12:28]} 34. Rc6 {[%clk 0:09:48]} Rxc6
{[%clk 0:10:52]} 35. bxc6 {[%clk 0:09:47]} Qd6 {[%clk 0:10:59]} 36. Kh2
{[%clk 0:07:26]} Qe5 {[%clk 0:05:10]} 37. Qc4 {[%clk 0:05:07]} Rc8
{[%clk 0:00:46]} 38. b4 {[%clk 0:05:06]} axb4 {[%clk 0:01:10]} 39. axb4
{[%clk 0:05:24]} Nc7 {[%clk 0:01:29]} 40. Bf4 {[%clk 0:32:22]} Qb5
{[%clk 0:30:49]} 41. Qd4 {[%clk 0:30:41]} Ne6 {[%clk 0:19:12]} 42. Qd7
{[%clk 0:29:57]} Rf8 {[%clk 0:18:54]} 43. Bh6 {[%clk 0:28:08]} Rb8
{[%clk 0:19:01]} 44. Qxe7 {[%clk 0:27:12]} Qxb4 {[%clk 0:15:31]} 45. c7
{[%clk 0:26:55]} Nxc7 {[%clk 0:15:52]} 46. Qxc7 {[%clk 0:27:16]} Qb6
{[%clk 0:15:57]} 47. Qe5 {[%clk 0:27:19]} Qb2 {[%clk 0:16:23]} 48. Qf4
{[%clk 0:26:15]} Rb4 {[%clk 0:15:25]} 49. Qc7 {[%clk 0:25:59]} 1-0

[Event "Moscow_Open_19_TurnirA"]
[Site "?"]
[Date "2019.01.27"]
[Round "2.4"]
[White "Schekachikhin, Maksim"]
[Black "Goganov, Aleksey"]
[Result "0-1"]
[BlackElo "2612"]
[WhiteElo "2391"]
[LiveChessVersion "1.4.8"]

1. d4 {[%clk 1:30:55]} d5 {[%clk 1:30:45]} 2. c4 {[%clk 1:31:09]} c6
{[%clk 1:31:11]} 3. Nf3 {[%clk 1:31:16]} Nf6 {[%clk 1:31:36]} 4. Nc3
{[%clk 1:31:32]} dxc4 {[%clk 1:31:38]} 5. e4 {[%clk 1:31:30]} b5 {[%clk 1:31:33]}
6. Be2 {[%clk 1:31:36]} e6 {[%clk 1:29:10]} 7. O-O {[%clk 1:31:28]} Bb7
{[%clk 1:22:32]} 8. b3 {[%clk 1:30:18]} cxb3 {[%clk 1:21:44]} 9. Qxb3
{[%clk 1:24:59]} Be7 10. Rd1 {[%clk 1:17:26]} O-O {[%clk 1:17:13]} 11. Bg5
{[%clk 1:09:32]} h6 {[%clk 1:17:01]} 12. Bh4 {[%clk 1:09:02]} Nbd7
{[%clk 1:15:03]} 13. Rac1 {[%clk 1:05:18]} a6 {[%clk 1:12:34]} 14. a4
{[%clk 0:55:12]} Rb8 {[%clk 1:08:28]} 15. e5 {[%clk 0:42:00]} Nd5
{[%clk 1:07:56]} 16. Bxe7 {[%clk 0:42:19]} Qxe7 {[%clk 1:07:38]} 17. Ne4
{[%clk 0:40:46]} Qb4 {[%clk 1:05:40]} 18. Qc2 {[%clk 0:36:11]} Qxa4
{[%clk 1:04:56]} 19. Qxa4 {[%clk 0:35:34]} bxa4 {[%clk 1:05:22]} 20. Nc5
{[%clk 0:34:00]} Nxc5 {[%clk 1:04:06]} 21. Rxc5 Ba8 {[%clk 1:00:56]} 22. Ra1
{[%clk 0:30:02]} Rb4 {[%clk 0:57:50]} 23. Ra5 {[%clk 0:25:33]} Rfb8
{[%clk 0:54:55]} 24. Bxa6 {[%clk 0:23:05]} Bb7 {[%clk 0:49:20]} 25. Bd3
{[%clk 0:20:12]} Ra8 {[%clk 0:48:01]} 26. Rxa8+ {[%clk 0:20:31]} Bxa8
{[%clk 0:48:28]} 27. Bc2 {[%clk 0:20:50]} Nb6 {[%clk 0:48:52]} 28. Kf1
{[%clk 0:18:41]} Bb7 {[%clk 0:49:18]} 29. Ke1 {[%clk 0:16:09]} Ba6
{[%clk 0:49:23]} 30. Kd2 {[%clk 0:14:30]} Bb5 {[%clk 0:47:18]} 31. Kc1
{[%clk 0:13:10]} Bf1 {[%clk 0:43:45]} 32. g3 {[%clk 0:11:58]} Be2
{[%clk 0:42:43]} 33. Ng1 {[%clk 0:12:15]} Bc4 {[%clk 0:39:24]} 34. Rb1
{[%clk 0:07:48]} Bb3 {[%clk 0:39:49]} 35. Bxb3 {[%clk 0:07:27]} axb3
{[%clk 0:40:13]} 36. Kb2 {[%clk 0:07:07]} Rxd4 {[%clk 0:40:00]} 37. Kxb3
{[%clk 0:07:00]} Nd5 {[%clk 0:40:00]} 38. Kc2 {[%clk 0:05:46]} Nb4+
{[%clk 0:39:54]} 39. Kc3 {[%clk 0:05:17]} c5 {[%clk 0:40:15]} 40. Ra1
{[%clk 0:31:54]} g5 {[%clk 1:10:02]} 41. Ra5 {[%clk 0:28:28]} Nd5+
{[%clk 1:07:12]} 42. Kc2 {[%clk 0:28:26]} c4 {[%clk 1:07:32]} 43. Nf3
{[%clk 0:26:17]} Rd3 {[%clk 1:06:52]} 44. Ne1 {[%clk 0:26:12]} Rb3
{[%clk 1:04:47]} 45. Rc5 {[%clk 0:25:12]} Rb4 {[%clk 1:05:07]} 46. Ng2
{[%clk 0:23:17]} c3 {[%clk 1:04:44]} 47. Kd3 {[%clk 0:23:30]} Rb2
{[%clk 1:04:50]} 48. Ne3 {[%clk 0:23:35]} Rxf2 {[%clk 1:01:18]} 49. Nxd5
{[%clk 0:23:15]} exd5 {[%clk 1:01:40]} 50. h4 {[%clk 0:20:46]} Rf3+
{[%clk 0:58:09]} 51. Kd4 {[%clk 0:19:59]} Rxg3 {[%clk 0:58:34]} 52. hxg5
{[%clk 0:20:20]} hxg5 {[%clk 0:58:57]} 53. Kxd5 {[%clk 0:20:18]} Kg7 54. Ke4
{[%clk 0:15:29]} Kg6 {[%clk 0:56:54]} 55. Rc6+ {[%clk 0:15:23]} Kh5
{[%clk 0:55:07]} 56. Rc7 {[%clk 0:15:27]} Rg1 {[%clk 0:52:31]} 57. Rxc3
{[%clk 0:13:37]} Re1+ {[%clk 0:51:07]} 58. Kf5 {[%clk 0:11:25]} Rf1+
{[%clk 0:51:30]} 59. Ke4 {[%clk 0:11:53]} g4 {[%clk 0:51:35]} 60. Rc8
{[%clk 0:09:40]} g3 {[%clk 0:51:57]} 61. Rg8 {[%clk 0:09:45]} Kh4
{[%clk 0:52:21]} 62. Ke3 {[%clk 0:10:09]} Kh3 {[%clk 0:52:44]} 63. Ke2
{[%clk 0:10:36]} Rf5 {[%clk 0:51:40]} 64. Ke3 {[%clk 0:10:52]} g2
{[%clk 0:52:01]} 65. Kd4 {[%clk 0:10:31]} 0-1

[Event "Moscow_Open_19_TurnirA"]
[Site "?"]
[Date "2019.01.27"]
[Round "2.5"]
[White "Kokarev, Dmitry"]
[Black "Pogosyan, Stefan"]
[Result "1-0"]
[BlackElo "2382"]
[WhiteElo "2605"]
[LiveChessVersion "1.4.8"]

1. c4 c5 2. Nf3 Nc6 3. d4 cxd4 4. Nxd4 g6 5. e4 Bg7 6. Be3 Nf6 7. Nc3 O-O 8. Be2
d6 9. O-O Bd7 10. Qd2 Rc8 11. f3 a6 12. Rfd1 Nxd4 13. Bxd4 Be6 14. Nd5 Bxd5 15.
exd5 Nd7 16. Bf2 Nc5 17. Rab1 a5 18. b3 b6 19. Re1 Re8 20. Bf1 Qc7 21. g3 a4 22.
b4 Nd7 23. Rbc1 Ne5 24. Qd1 f5 25. a3 Qb7 26. Be2 Qa7 27. f4 Nd7 28. g4 fxg4 29.
Bxg4 Rc7 30. Be6+ Kh8 31. f5 gxf5 32. Qh5 Rf8 33. Bxf5 Nf6 34. Qh3 e5 35. dxe6
Rg8 36. Kf1 Qb7 37. Ke2 b5 38. cxb5 Qxb5+ 39. Qd3 Qe5+ 40. Kf3 Rxc1 41. Rxe5 dxe5
42. e7 Re8 43. Bc5 Ra1 44. b5 Rc1 45. Bb4 Rc7 46. b6 Rb7 47. Bc5 1-0

[Event "Moscow_Open_19_TurnirA"]
[Site "?"]
[Date "2019.01.27"]
[Round "2.6"]
[White "Kardashevskiy, Evgeny"]
[Black "Timofeev, Artyom"]
[Result "1/2-1/2"]
[BlackElo "2592"]
[WhiteElo "2382"]
[LiveChessVersion "1.4.8"]

1. d4 {[%clk 1:30:54]} d5 {[%clk 1:30:51]} 2. Nf3 {[%clk 1:31:06]} e6
{[%clk 1:31:01]} 3. c4 {[%clk 1:31:17]} c6 {[%clk 1:31:24]} 4. Bg5
{[%clk 1:31:16]} Be7 {[%clk 1:31:05]} 5. Bxe7 {[%clk 1:31:31]} Qxe7
{[%clk 1:31:20]} 6. Nbd2 {[%clk 1:31:31]} Nf6 {[%clk 1:31:30]} 7. g3
{[%clk 1:31:38]} b6 {[%clk 1:31:23]} 8. Bg2 {[%clk 1:31:33]} Bb7 {[%clk 1:31:46]}
9. O-O {[%clk 1:31:44]} O-O {[%clk 1:31:38]} 10. Ne5 {[%clk 1:30:08]} Nbd7
{[%clk 1:31:12]} 11. Nxd7 {[%clk 1:30:24]} Qxd7 {[%clk 1:31:25]} 12. Rc1
{[%clk 1:30:06]} Rfd8 {[%clk 1:30:06]} 13. Qb3 {[%clk 1:22:26]} c5 14. dxc5
{[%clk 1:16:51]} dxc4 {[%clk 1:23:27]} 15. Nxc4 {[%clk 1:16:46]} Bxg2
{[%clk 1:23:51]} 16. Kxg2 {[%clk 1:17:01]} Qd5+ {[%clk 1:23:55]} 17. Qf3
{[%clk 1:13:57]} Qxc5 {[%clk 1:22:24]} 18. Rfd1 {[%clk 1:05:41]} Rab8
{[%clk 1:22:33]} 19. Nd6 {[%clk 1:03:44]} Qe5 {[%clk 1:22:43]} 20. Nc4
{[%clk 1:03:22]} Qc5 {[%clk 1:21:35]} 21. Nd6 {[%clk 1:03:29]} Qe5
{[%clk 1:21:58]} 22. Nc4 {[%clk 1:03:41]} Qc5 {[%clk 1:20:05]} 1/2-1/2